000 00984nam a2200181Ia 4500
001 19757
003 GE_BSU
008 181216s||||||||xx |||||||||||||| ||und||
040 _cGE_BSU
245 _aსაქართველოს უზენაესი სასამართლოს გადაწყვეტილებანი ადმინისტრაციულ საქმეებზე 9. უძრავი ქონების საკუთრება. 2016
260 _aთბილისი
260 _c2016
300 _a232გვ.21სმ.
653 _aპერიოდიკა
653 _aსამართალი
653 _aსაქართველოს უზენაესი სასამართლოს გადაწყვეტილებანი ადმინისტრაციულ საქმეებზე 9. უძრავი ქონების საკუთრება. 2016
942 _cCR
999 _c52731
_d52731